|
|
|
|
| LEADER |
00000nam a22000007i 4500 |
| 001 |
IT\ICCU\LIA\0981405 |
| 003 |
ItRI |
| 005 |
20260115232055.0 |
| 008 |
210916s2021 it |||||| ||||| |||||c |
| 020 |
|
|
|a 9788830901780
|
| 040 |
|
|
|b ita
|c importazione bologna sebina
|
| 041 |
|
7 |
|a ita
|2 ISO-639-2
|
| 082 |
|
|
|a 709.0348
|9 BELLE ARTI E ARTI DECORATIVE. 1800-1899. KITSCH
|2 23
|
| 100 |
1 |
|
|a Fumagalli, Matteo,
|d (1992- )
|0 IT\ICCU\LIAV\458268
|4 aut
|
| 240 |
1 |
0 |
|a Travolti dal trash nell'immenso mare del brutto
|3 IT\ICCU\LIA\0981407
|9 Fumagalli, Matteo <1992- >
|
| 245 |
1 |
0 |
|a Travolti dal trash nell'immenso mare del brutto :
|b viaggio alla scoperta del cattivo gusto per imparare ad amarlo /
|c Matteo Fumagalli.
|
| 260 |
|
|
|a [Milano] :
|b Cairo,
|c 2021
|
| 300 |
|
|
|a 219 p. ;
|c 22 cm
|
| 650 |
|
7 |
|a Kitsch
|
| 942 |
|
|
|2 ddc
|c BK
|n 0
|
| 952 |
|
|
|0 0
|1 0
|4 0
|6 DOC_709_034000000000000_FUM
|7 0
|9 19563
|a BO
|b BO
|d 2026-01-15
|i 19533
|l 0
|o DOC 709.034 FUM
|p BO19533
|r 2026-01-15 23:20:55
|w 2026-01-15
|x [Sebina 5] [1 v.]
|y BK
|z 1 v.
|
| 999 |
|
|
|c 16668
|d 16668
|